000 00557nam a2200229Ia 4500
003 OSt
005 20220912153221.0
006 a|||||r|||| 00| 0
007 ta
008 220909b |||||||| |||| 00| 0 eng d
024 _a1094
037 _cTextual
040 _aCSL
_beng
_cCSL
041 _aeng
082 _aY7:(G:6oac), M2
100 _aMorton Newton E
245 0 _aOutline of genetic eplidemology
260 _c1982
300 _ap.
_ccm.
942 _hY7:(G:6oac), M2
_cTEXL
_2CC
999 _c99335
_d99335